[Event "Mitropa Cup 30th"]
[Site "Merlimont"]
[Date "2011.10.15"]
[Round "8.9"]
[White "Kurmann, Oliver"]
[Black "Michalik, Peter"]
[Result "0-1"]
[WhiteElo "2439"]
[BlackElo "2511"]
[PlyCount "100"]
[EventDate "2011.10.08"]
[EventType "team-tourn"]
[EventRounds "9"]
[EventCountry "FRA"]
[Source "ChessBase"]
[SourceDate "2011.10.28"]
[WhiteTeam "Switzerland"]
[BlackTeam "Slovakia"]
[WhiteTeamCountry "SUI"]
[BlackTeamCountry "SVK"]

1. e4 c6 2. d4 d5 3. Nd2 dxe4 4. Nxe4 Bf5 5. Ng3 Bg6 6. Nf3 Nd7 7. Bc4 e6 8.
O-O Ngf6 9. Re1 Be7 10. Nh4 Qc7 11. c3 O-O 12. Nxg6 hxg6 13. Bb3 Rad8 14. Qf3
c5 15. d5 c4 16. dxe6 Ne5 17. Rxe5 Qxe5 18. exf7+ Rxf7 19. Bxc4 Qe1+ 20. Nf1
Nd5 21. Qe2 Qxe2 22. Bxe2 Bc5 23. Ne3 Nxe3 24. Bxe3 Bxe3 25. fxe3 Kh7 26. b3
Rd2 27. Bf3 Rd3 28. c4 Rxe3 29. Bd5 Rfe7 30. Kf2 b6 31. b4 Kh6 32. b5 Re2+ 33.
Kf1 Rb2 34. a4 Ree2 35. a5 Ra2 36. axb6 Rf2+ 37. Ke1 Rae2+ 38. Kd1 axb6 39. Ra6
Ra2 40. Rxa2 Rxa2 41. Be4 Kg5 42. Bc2 Kf6 43. Kc1 g5 44. Kb1 Ra8 45. Be4 Ra4
46. Bd5 Ke5 47. Kb2 Kd4 48. Kb3 Ra1 49. Kb2 Re1 50. h3 Re5 0-1

[Event "Mitropa Cup 30th"]
[Site "Merlimont"]
[Date "2011.10.15"]
[Round "8.9"]
[White "Zueger, Beat"]
[Black "Petenyi, Tamas"]
[Result "1/2-1/2"]
[WhiteElo "2426"]
[BlackElo "2347"]
[PlyCount "47"]
[EventDate "2011.10.08"]
[EventType "team-tourn"]
[EventRounds "9"]
[EventCountry "FRA"]
[Source "ChessBase"]
[SourceDate "2011.10.28"]
[WhiteTeam "Switzerland"]
[BlackTeam "Slovakia"]
[WhiteTeamCountry "SUI"]
[BlackTeamCountry "SVK"]

1. Nf3 Nf6 2. c4 e6 3. g3 d5 4. Bg2 dxc4 5. Qa4+ Nbd7 6. Qxc4 a6 7. Qb3 c5 8.
Nc3 Be7 9. O-O Ra7 10. d4 b5 11. Rd1 c4 12. Qc2 Bb7 13. e4 b4 14. e5 bxc3 15.
exf6 Nxf6 16. bxc3 O-O 17. Bg5 Qa8 18. Bxf6 Bxf3 19. Bxf3 Qxf3 20. Bxe7 Rxe7
21. Qa4 Qxc3 22. Rac1 Qf3 23. Qxc4 Qb7 24. Rb1 1/2-1/2

[Event "Mitropa Cup 30th"]
[Site "Merlimont"]
[Date "2011.10.15"]
[Round "8.10"]
[White "Mazur, Stefan"]
[Black "Gallagher, Joseph G"]
[Result "0-1"]
[WhiteElo "2372"]
[BlackElo "2510"]
[PlyCount "102"]
[EventDate "2011.10.08"]
[EventType "team-tourn"]
[EventRounds "9"]
[EventCountry "FRA"]
[Source "ChessBase"]
[SourceDate "2011.10.28"]
[WhiteTeam "Slovakia"]
[BlackTeam "Switzerland"]
[WhiteTeamCountry "SVK"]
[BlackTeamCountry "SUI"]

1. e4 c5 2. Nf3 d6 3. d4 cxd4 4. Nxd4 Nf6 5. Nc3 Nc6 6. Bg5 e6 7. Qd2 a6 8.
O-O-O Bd7 9. f3 h6 10. Be3 b5 11. Nxc6 Bxc6 12. Ne2 Bb7 13. Nd4 Qc7 14. Bd3 Nd7
15. Kb1 Ne5 16. Nb3 Rc8 17. Qf2 Be7 18. Bb6 Qb8 19. Na5 Ba8 20. Ba7 Qc7 21. Bb6
Qd7 22. Be2 O-O 23. Rd2 Nc4 24. Nxc4 bxc4 25. c3 f5 26. e5 Bd5 27. Bd4 Rc7 28.
Ka1 Rb7 29. Rg1 Rb5 30. Bd1 Qc7 31. f4 dxe5 32. Bxe5 Qa5 33. g4 Be4 34. Bc2
Bxc2 35. Rxc2 Rxe5 36. fxe5 Bc5 37. Qg2 Bxg1 38. Qxg1 Qxe5 39. gxf5 exf5 40.
Qf1 Qd5 41. a3 f4 42. Rc1 f3 43. Rd1 Qe4 44. Re1 Qf4 45. Qf2 Rd8 46. Rg1 Kh7
47. Qb6 Rd6 48. Qb7 Rg6 49. Rxg6 Kxg6 50. Qb6+ Kh5 51. Qf2 g5 0-1

[Event "Mitropa Cup 30th"]
[Site "Merlimont"]
[Date "2011.10.15"]
[Round "8.10"]
[White "Plachetka, Jan"]
[Black "Nuri, Kambez"]
[Result "1/2-1/2"]
[WhiteElo "2388"]
[BlackElo "2309"]
[PlyCount "47"]
[EventDate "2011.10.08"]
[EventType "team-tourn"]
[EventRounds "9"]
[EventCountry "FRA"]
[Source "ChessBase"]
[SourceDate "2011.10.28"]
[WhiteTeam "Slovakia"]
[BlackTeam "Switzerland"]
[WhiteTeamCountry "SVK"]
[BlackTeamCountry "SUI"]

1. d4 Nf6 2. Nf3 d6 3. c4 g6 4. Nc3 Bg7 5. e4 O-O 6. Be2 Nbd7 7. e5 dxe5 8.
dxe5 Ng4 9. e6 fxe6 10. O-O Nb8 11. Qxd8 Rxd8 12. Ng5 Ne5 13. Be3 Na6 14. Rad1
Rf8 15. Nb5 c5 16. Rd2 h6 17. Ne4 b6 18. f4 Bb7 19. Nec3 Nc6 20. Bf3 Na5 21.
Bxb7 Nxb7 22. Rd7 Na5 23. b3 Nb4 24. Na4 1/2-1/2

[Event "Mitropa Cup 30th"]
[Site "Merlimont"]
[Date "2011.10.16"]
[Round "9.5"]
[White "Huschenbeth, Niclas"]
[Black "Shengelia, Davit"]
[Result "1/2-1/2"]
[WhiteElo "2510"]
[BlackElo "2526"]
[PlyCount "27"]
[EventDate "2011.10.08"]
[EventType "team-tourn"]
[EventRounds "9"]
[EventCountry "FRA"]
[Source "ChessBase"]
[SourceDate "2011.10.28"]
[WhiteTeam "Germany"]
[BlackTeam "Austria"]
[WhiteTeamCountry "GER"]
[BlackTeamCountry "AUT"]

1. e4 c5 2. Nf3 e6 3. d4 cxd4 4. Nxd4 a6 5. Bd3 Nf6 6. O-O e5 7. Bg5 d6 8. Nf5
Be6 9. Bxf6 Qxf6 10. Nc3 Qd8 11. Ne3 Nd7 12. Bc4 Nf6 13. Qd3 Be7 14. Rad1
1/2-1/2

[Event "Mitropa Cup 30th"]
[Site "Merlimont"]
[Date "2011.10.16"]
[Round "9.6"]
[White "Kreisl, Robert"]
[Black "Prusikin, Michael"]
[Result "1/2-1/2"]
[WhiteElo "2402"]
[BlackElo "2541"]
[PlyCount "27"]
[EventDate "2011.10.08"]
[EventType "team-tourn"]
[EventRounds "9"]
[EventCountry "FRA"]
[Source "ChessBase"]
[SourceDate "2011.10.28"]
[WhiteTeam "Austria"]
[BlackTeam "Germany"]
[WhiteTeamCountry "AUT"]
[BlackTeamCountry "GER"]

1. Nf3 d5 2. d4 Nf6 3. c4 e6 4. Nc3 Be7 5. Bg5 h6 6. Bh4 O-O 7. e3 Nbd7 8. cxd5
Nxd5 9. Bxe7 Qxe7 10. Rc1 Nxc3 11. Rxc3 c5 12. Bb5 cxd4 13. Qxd4 Nf6 14. O-O
1/2-1/2

[Event "Mitropa Cup 30th"]
[Site "Merlimont"]
[Date "2011.10.16"]
[Round "9.7"]
[White "Heimann, Andreas"]
[Black "Diermair, Andreas"]
[Result "1/2-1/2"]
[WhiteElo "2485"]
[BlackElo "2414"]
[PlyCount "24"]
[EventDate "2011.10.08"]
[EventType "team-tourn"]
[EventRounds "9"]
[EventCountry "FRA"]
[Source "ChessBase"]
[SourceDate "2011.10.28"]
[WhiteTeam "Germany"]
[BlackTeam "Austria"]
[WhiteTeamCountry "GER"]
[BlackTeamCountry "AUT"]

1. e4 c6 2. d4 d5 3. e5 Bf5 4. Nd2 e6 5. Nb3 Nd7 6. Nf3 a6 7. Be3 Rc8 8. c3 c5
9. dxc5 Bxc5 10. Nxc5 Nxc5 11. Be2 Ne7 12. O-O O-O 1/2-1/2

[Event "Mitropa Cup 30th"]
[Site "Merlimont"]
[Date "2011.10.16"]
[Round "9.8"]
[White "Halvax, Georg"]
[Black "Bluebaum, Matthias"]
[Result "1/2-1/2"]
[WhiteElo "2326"]
[BlackElo "2388"]
[PlyCount "29"]
[EventDate "2011.10.08"]
[EventType "team-tourn"]
[EventRounds "9"]
[EventCountry "FRA"]
[Source "ChessBase"]
[SourceDate "2011.10.28"]
[WhiteTeam "Austria"]
[BlackTeam "Germany"]
[WhiteTeamCountry "AUT"]
[BlackTeamCountry "GER"]

1. e4 e6 2. d4 d5 3. Nc3 Bb4 4. e5 Ne7 5. a3 Bxc3+ 6. bxc3 b6 7. Qg4 Ng6 8. h4
h5 9. Qg3 Ba6 10. Bxa6 Nxa6 11. Ne2 c5 12. Nf4 Nxf4 13. Bxf4 g6 14. Bg5 Qd7 15.
Qd3 1/2-1/2

[Event "Mitropa Cup 30th"]
[Site "Merlimont"]
[Date "2011.10.16"]
[Round "9.1"]
[White "Gozzoli, Yannick"]
[Black "Petr, Martin"]
[Result "1-0"]
[WhiteElo "2522"]
[BlackElo "2526"]
[PlyCount "73"]
[EventDate "2011.10.08"]
[EventType "team-tourn"]
[EventRounds "9"]
[EventCountry "FRA"]
[Source "ChessBase"]
[SourceDate "2011.10.28"]
[WhiteTeam "France II"]
[BlackTeam "Czech Republic"]
[WhiteTeamCountry "FRA"]
[BlackTeamCountry "CZE"]

1. d4 Nf6 2. c4 g6 3. Nc3 d5 4. Nf3 Bg7 5. e3 O-O 6. cxd5 Nxd5 7. Bc4 Nb6 8.
Bb3 Nc6 9. O-O Bf5 10. h3 e5 11. d5 Na5 12. e4 Bd7 13. Bg5 Qe8 14. Rc1 c5 15.
d6 Nxb3 16. axb3 Bb5 17. Re1 f6 18. Be3 Rc8 19. b4 cxb4 20. Qb3+ Bc4 21. Qxb4
Qf7 22. Nb5 Be6 23. Nd2 Rxc1 24. Rxc1 Rc8 25. Ra1 Nc4 26. Nxa7 Rd8 27. Nxc4
Bxc4 28. Rc1 Ba6 29. Rc8 Rxc8 30. Nxc8 Bf8 31. Nb6 Qa2 32. Qd2 Qb1+ 33. Kh2 Qd3
34. Qxd3 Bxd3 35. d7 Be7 36. Nd5 Kf7 37. Bb6 1-0

[Event "Mitropa Cup 30th"]
[Site "Merlimont"]
[Date "2011.10.16"]
[Round "9.3"]
[White "Delorme, Laurie"]
[Black "Krejci, Jan1"]
[Result "1/2-1/2"]
[WhiteElo "2223"]
[BlackElo "2489"]
[PlyCount "90"]
[EventDate "2011.10.08"]
[EventType "team-tourn"]
[EventRounds "9"]
[EventCountry "FRA"]
[Source "ChessBase"]
[SourceDate "2011.10.28"]
[WhiteTeam "France II"]
[BlackTeam "Czech Republic"]
[WhiteTeamCountry "FRA"]
[BlackTeamCountry "CZE"]

1. d4 Nf6 2. c4 e6 3. Nf3 c5 4. d5 b5 5. Bg5 b4 6. a3 h6 7. Bxf6 Qxf6 8. Qd2 a5
9. e4 d6 10. Bd3 Nd7 11. O-O g6 12. Re1 Bg7 13. e5 dxe5 14. Be4 Ra6 15. axb4
cxb4 16. c5 O-O 17. Bd3 Nxc5 18. Bxa6 Nb3 19. Qe2 Nxa1 20. Bxc8 Rxc8 21. Qa6
Rd8 22. dxe6 Qxe6 23. Qxa5 Qd5 24. Qxd5 Rxd5 25. Nbd2 Nc2 26. Re4 Rd3 27. Kf1
Nd4 28. Rxd4 exd4 29. Ke2 Rxf3 30. Kxf3 f5 31. b3 Kf7 32. Ke2 Ke6 33. Kd3 Kd5
34. Nf3 g5 35. Ne1 Bf6 36. Nc2 Kc5 37. Ne1 h5 38. h3 h4 39. Nc2 g4 40. Ne1 Be5
41. Nc2 Bg7 42. Ne1 Kd5 43. Nc2 Kc5 44. Ne1 Kd5 45. Nc2 Ke5 1/2-1/2

[Event "Mitropa Cup 30th"]
[Site "Merlimont"]
[Date "2011.10.16"]
[Round "9.1"]
[White "Rapport, Richard"]
[Black "Kurmann, Oliver"]
[Result "1-0"]
[WhiteElo "2547"]
[BlackElo "2439"]
[PlyCount "73"]
[EventDate "2011.10.08"]
[EventType "team-tourn"]
[EventRounds "9"]
[EventCountry "FRA"]
[Source "ChessBase"]
[SourceDate "2011.10.28"]
[WhiteTeam "Hungary"]
[BlackTeam "Switzerland"]
[WhiteTeamCountry "HUN"]
[BlackTeamCountry "SUI"]

1. d4 Nf6 2. c4 e6 3. Nc3 c5 4. d5 exd5 5. cxd5 d6 6. Nf3 g6 7. Bf4 a6 8. Nd2
b5 9. a4 Nh5 10. Be3 f5 11. g4 fxg4 12. axb5 Be7 13. Nde4 Nd7 14. Bg2 O-O 15.
Bh6 Rf7 16. Qd2 Nb6 17. Ng5 Bxg5 18. Bxg5 Qd7 19. Ne4 axb5 20. Rxa8 Nxa8 21. b4
c4 22. O-O Nc7 23. Ra1 Rf5 24. Nc3 Na6 25. Ra5 Nxb4 26. Nxb5 Na6 27. e4 Rf7 28.
Nd4 Nc5 29. e5 dxe5 30. Rxc5 exd4 31. Qxd4 Bb7 32. d6 Bxg2 33. Rc7 Qf5 34. Rxf7
Kxf7 35. Qa7+ Ke6 36. Qe7+ Kd5 37. d7 1-0

[Event "Mitropa Cup 30th"]
[Site "Merlimont"]
[Date "2011.10.16"]
[Round "9.2"]
[White "Gallagher, Joseph G"]
[Black "Prohaszka, Peter"]
[Result "1/2-1/2"]
[WhiteElo "2510"]
[BlackElo "2553"]
[PlyCount "22"]
[EventDate "2011.10.08"]
[EventType "team-tourn"]
[EventRounds "9"]
[EventCountry "FRA"]
[Source "ChessBase"]
[SourceDate "2011.10.28"]
[WhiteTeam "Switzerland"]
[BlackTeam "Hungary"]
[WhiteTeamCountry "SUI"]
[BlackTeamCountry "HUN"]

1. e4 c6 2. d4 d5 3. Nc3 dxe4 4. Nxe4 Bf5 5. Ng3 Bg6 6. h4 h6 7. Nf3 Nd7 8. h5
Bh7 9. Bd3 Bxd3 10. Qxd3 e6 11. Bf4 Qa5+ 1/2-1/2

[Event "Mitropa Cup 30th"]
[Site "Merlimont"]
[Date "2011.10.16"]
[Round "9.3"]
[White "Nagy, Gabor"]
[Black "Schiendorfer, Emanuel"]
[Result "1-0"]
[WhiteElo "2404"]
[BlackElo "2340"]
[PlyCount "135"]
[EventDate "2011.10.08"]
[EventType "team-tourn"]
[EventRounds "9"]
[EventCountry "FRA"]
[Source "ChessBase"]
[SourceDate "2011.10.28"]
[WhiteTeam "Hungary"]
[BlackTeam "Switzerland"]
[WhiteTeamCountry "HUN"]
[BlackTeamCountry "SUI"]

1. e4 c5 2. Nf3 d6 3. d4 cxd4 4. Nxd4 Nf6 5. Nc3 a6 6. Bc4 e6 7. Bb3 b5 8. O-O
Be7 9. Qf3 Qc7 10. Qg3 Nc6 11. Nxc6 Qxc6 12. f3 O-O 13. Be3 Bb7 14. Ne2 Qc7 15.
Nd4 Bc8 16. Rfd1 e5 17. Nf5 Bxf5 18. exf5 Nh5 19. Qf2 Qd7 20. Kh1 Rac8 21. a4
b4 22. a5 h6 23. Qe2 Qxf5 24. Qxa6 Rfe8 25. Qf1 Qg6 26. a6 Nf6 27. a7 d5 28.
Rxd5 Nxd5 29. Bxd5 Qxc2 30. a8=Q Rxa8 31. Bxa8 Qxb2 32. Be4 Rb8 33. Ra7 Bg5 34.
Qc4 Rf8 35. Bxg5 hxg5 36. Ra2 Rd8 37. h3 Qd4 38. Qxd4 exd4 39. Kg1 b3 40. Rd2
g6 41. g4 Kg7 42. Kf2 f5 43. gxf5 gxf5 44. Bxf5 Kf6 45. Be4 Ke5 46. Rb2 Rb8 47.
Bd3 Rb4 48. Kg3 Rb8 49. Kg4 Kf6 50. Kg3 Ke5 51. Kf2 Rb4 52. Bh7 Rb8 53. Kg3 Rb7
54. Bg8 Rb8 55. Bh7 Rb7 56. Bd3 Rb8 57. Be2 Kd5 58. Kf2 Kc5 59. Ke1 Kb4 60. Kd2
Ka3 61. Kc1 Rc8+ 62. Kb1 Re8 63. Bd1 Re3 64. Rd2 g4 65. hxg4 Rc3 66. Rxd4 Rc1+
67. Kxc1 b2+ 68. Kd2 1-0

[Event "Mitropa Cup (Women) 9th"]
[Site "Sibenik"]
[Date "2012.05.31"]
[Round "1"]
[White "Schmidt, Jade"]
[Black "Froewis, Annika"]
[Result "1-0"]
[WhiteElo "2103"]
[BlackElo "1989"]
[PlyCount "155"]
[EventDate "2012.05.31"]
[EventType "team-tourn"]
[EventRounds "7"]
[EventCountry "CRO"]
[Source "ChessBase"]
[SourceDate "2012.06.22"]
[WhiteTeam "Germany (W)"]
[BlackTeam "Austria (W)"]
[WhiteTeamCountry "GER"]
[BlackTeamCountry "AUT"]

1. d4 d5 2. c4 e6 3. Nc3 Nf6 4. Bg5 Be7 5. e3 O-O 6. cxd5 exd5 7. Bd3 c6 8. Qc2
Nbd7 9. Nge2 Re8 10. O-O Nf8 11. f3 g6 12. Rad1 Ne6 13. Bh4 Ng7 14. Bf2 Be6 15.
Kh1 Rc8 16. e4 dxe4 17. fxe4 Ng4 18. Bg1 Bg5 19. Rf3 Nh6 20. Qb1 Nh5 21. h3 a6
22. Bc2 Bc4 23. Bd3 Be6 24. b3 b5 25. Bc2 Qe7 26. Bh2 Rcd8 27. d5 cxd5 28. exd5
Bxd5 29. Nxd5 Qxe2 30. Bd3 Qe6 31. Nc7 Qb6 32. Nxe8 Rxe8 33. Re1 Rc8 34. Qb2
Qa5 35. Rd1 Ng7 36. Be5 Ne6 37. Bf6 Bf4 38. g3 Bb8 39. Qd2 Qxd2 40. Rxd2 Kf8
41. Kg2 Ng8 42. Bb2 Rd8 43. Rc2 Ne7 44. Bf1 Nf5 45. Bf6 Re8 46. Rd2 Bc7 47. a4
bxa4 48. bxa4 Nc5 49. Re2 Ne4 50. Bb2 Re6 51. Rc2 Bxg3 52. Rc8+ Ke7 53. Bc4
Nh4+ 54. Kh1 Nxf3 55. Bxe6 Kxe6 56. Rc6+ Kf5 57. Rxa6 Kf4 58. Bc1+ Ke5 59. Be3
f5 60. Ra5+ Kd6 61. Rb5 f4 62. Bg1 Nh4 63. a5 f3 64. Be3 f2 65. Rb1 Nf3 66. a6
Ne1 67. Bxf2 Nxf2+ 68. Kg1 Nfd3 69. Kf1 Bf2 70. Rxe1 Kc6 71. Rd1 Nc5 72. a7 Kb7
73. Ra1 Ka8 74. Kxf2 Nd7 75. Ke3 g5 76. Ke4 h5 77. Kf5 g4 78. h4 1-0

[Event "Mitropa Cup (Women) 9th"]
[Site "Sibenik"]
[Date "2012.05.31"]
[Round "1"]
[White "Bea, Boglarka"]
[Black "Berke, Ana"]
[Result "1-0"]
[WhiteElo "2110"]
[BlackElo "2153"]
[PlyCount "87"]
[EventDate "2012.05.31"]
[EventType "team-tourn"]
[EventRounds "7"]
[EventCountry "CRO"]
[Source "ChessBase"]
[SourceDate "2012.06.22"]
[WhiteTeam "Hungary (W)"]
[BlackTeam "Croatia (W)"]
[WhiteTeamCountry "HUN"]
[BlackTeamCountry "CRO"]

1. e4 c5 2. Nf3 d6 3. d4 cxd4 4. Nxd4 Nf6 5. Nc3 Nc6 6. Bg5 Bd7 7. Qd2 Rc8 8.
O-O-O Nxd4 9. Qxd4 Qa5 10. f4 h6 11. Bxf6 gxf6 12. Kb1 Qc5 13. Qd3 h5 14. Be2
Bh6 15. Rhf1 Rg8 16. g3 h4 17. g4 Kf8 18. Qh3 b5 19. Rd5 Qb6 20. Rh5 Bg7 21. f5
Qc5 22. Bd3 a5 23. Qxh4 a4 24. Qf2 Qe5 25. Qa7 Be8 26. Nd5 Rh8 27. Rxh8+ Bxh8
28. c3 Bg7 29. Rf3 Rc5 30. a3 Bh6 31. Rh3 Kg7 32. Qb8 Rxd5 33. exd5 Bd7 34. Qd8
b4 35. cxb4 Qxd5 36. Qxd7 Qh1+ 37. Ka2 Qd1 38. Qc8 Qb3+ 39. Ka1 Qd1+ 40. Bb1
Qf1 41. Rxh6 Kxh6 42. Qg8 Qc4 43. h4 Qd5 44. Qh8# 1-0

[Event "Mitropa Cup (Women) 9th"]
[Site "Sibenik"]
[Date "2012.05.31"]
[Round "1"]
[White "Medic, Mirjana"]
[Black "Varga, Klara"]
[Result "1/2-1/2"]
[WhiteElo "2241"]
[BlackElo "2193"]
[PlyCount "52"]
[EventDate "2012.05.31"]
[EventType "team-tourn"]
[EventRounds "7"]
[EventCountry "CRO"]
[Source "ChessBase"]
[SourceDate "2012.06.22"]
[WhiteTeam "Croatia (W)"]
[BlackTeam "Hungary (W)"]
[WhiteTeamCountry "CRO"]
[BlackTeamCountry "HUN"]

1. d4 e6 2. c4 Nf6 3. Nc3 Bb4 4. Qc2 d5 5. cxd5 exd5 6. Bg5 h6 7. Bxf6 Qxf6 8.
e3 Bf5 9. Bd3 Bxd3 10. Qxd3 c6 11. Nf3 Nd7 12. O-O O-O 13. Rfd1 Rfe8 14. Rac1
a5 15. a3 Bd6 16. e4 Bf4 17. e5 Qe6 18. Rc2 f6 19. exf6 Qxf6 20. Re2 Qf7 21.
Rde1 Rxe2 22. Rxe2 Re8 23. Rxe8+ Qxe8 24. g3 Bd6 25. Kg2 Qe6 26. Nd1 Nf6
1/2-1/2

[Event "Mitropa Cup (Women) 9th"]
[Site "Sibenik"]
[Date "2012.05.31"]
[Round "1"]
[White "Brunello, Marina"]
[Black "Miturova, Magdalena"]
[Result "1/2-1/2"]
[WhiteElo "2267"]
[BlackElo "2064"]
[PlyCount "132"]
[EventDate "2012.05.31"]
[EventType "team-tourn"]
[EventRounds "7"]
[EventCountry "CRO"]
[Source "ChessBase"]
[SourceDate "2012.06.22"]
[WhiteTeam "Italy (W)"]
[BlackTeam "Czech Republic (W)"]
[WhiteTeamCountry "ITA"]
[BlackTeamCountry "CZE"]

1. e4 e5 2. Nf3 Nc6 3. d4 exd4 4. Nxd4 Bc5 5. Nb3 Bb6 6. Nc3 Nf6 7. Qe2 d6 8.
Bg5 h6 9. Bh4 g5 10. Bg3 Qe7 11. h4 Rg8 12. O-O-O Be6 13. hxg5 hxg5 14. Qe1
O-O-O 15. Bb5 Ne5 16. Na4 Bd7 17. Nxb6+ axb6 18. Bxd7+ Nexd7 19. f3 g4 20. Nd4
gxf3 21. gxf3 Rg6 22. Qc3 Nxe4 23. fxe4 Qg5+ 24. Kb1 Qxg3 25. Qc4 Ne5 26. Qa4
Kb8 27. Rhf1 Qg4 28. Nb5 Nc6 29. Rd3 Rf6 30. Rc1 Rf3 31. Qb3 Rf4 32. Rc3 Qe6
33. Qxe6 fxe6 34. Re3 Rdf8 35. b3 Kc8 36. Kb2 Kd7 37. Rh1 R8f7 38. a4 e5 39.
Rg1 Nd4 40. Rg8 Re7 41. Rb8 Nc6 42. Rh8 Nd8 43. Rh6 Rg7 44. Nc3 c6 45. Nb1 Nf7
46. Rh2 Rgg4 47. Rh7 Ke6 48. Nd2 d5 49. exd5+ cxd5 50. Rh2 e4 51. Re1 Nd6 52.
Nb1 Nf5 53. Nc3 Nh4 54. Rd1 Rf5 55. Ne2 Nf3 56. Rh6+ Ke5 57. Rh8 Rg2 58. Re8+
Kd6 59. Nc3 Kc6 60. Nb5 Rh5 61. Re7 d4 62. Nxd4+ Nxd4 63. Rxd4 Rc5 64. Re6+ Kc7
65. Re7+ Kc6 66. Re6+ Kc7 1/2-1/2

[Event "Mitropa Cup (Women) 9th"]
[Site "Sibenik"]
[Date "2012.05.31"]
[Round "1"]
[White "Mareckova, Martina"]
[Black "Zimina, Olga"]
[Result "0-1"]
[WhiteElo "2089"]
[BlackElo "2336"]
[PlyCount "66"]
[EventDate "2012.05.31"]
[EventType "team-tourn"]
[EventRounds "7"]
[EventCountry "CRO"]
[Source "ChessBase"]
[SourceDate "2012.06.22"]
[WhiteTeam "Czech Republic (W)"]
[BlackTeam "Italy (W)"]
[WhiteTeamCountry "CZE"]
[BlackTeamCountry "ITA"]

1. e4 c6 2. d4 d5 3. Nc3 dxe4 4. Nxe4 Bf5 5. Ng3 Bg6 6. h4 h6 7. Nf3 e6 8. Ne5
Bh7 9. Bd3 Bxd3 10. Qxd3 Nd7 11. f4 Be7 12. h5 Ngf6 13. Bd2 c5 14. O-O-O O-O
15. Ne2 cxd4 16. g4 Nxe5 17. fxe5 Nd5 18. Nxd4 Rc8 19. Rhg1 Bg5 20. Kb1 Qb6 21.
c4 Nb4 22. Qb3 Qxd4 23. Bxb4 Qe4+ 24. Qd3 Qxd3+ 25. Rxd3 Rfd8 26. Rxd8+ Rxd8
27. Bd6 f6 28. Kc2 Bf4 29. Be7 Rd2+ 30. Kb3 Bxe5 31. c5 Kf7 32. Bd6 Bxd6 33.
cxd6 Rxd6 0-1

[Event "Mitropa Cup (Women) 9th"]
[Site "Sibenik"]
[Date "2012.05.31"]
[Round "1"]
[White "Motycakova, Monika"]
[Black "Krivec, Jana"]
[Result "1/2-1/2"]
[WhiteElo "2121"]
[BlackElo "2251"]
[PlyCount "49"]
[EventDate "2012.05.31"]
[EventType "team-tourn"]
[EventRounds "7"]
[EventCountry "CRO"]
[Source "ChessBase"]
[SourceDate "2012.06.22"]
[WhiteTeam "Slovakia (W)"]
[BlackTeam "Slovenia (W)"]
[WhiteTeamCountry "SVK"]
[BlackTeamCountry "SLO"]

1. e4 e5 2. Nf3 Nc6 3. Bb5 a6 4. Ba4 Nf6 5. O-O b5 6. Bb3 Bc5 7. c3 d6 8. d4
Bb6 9. a4 Bb7 10. Re1 O-O 11. axb5 axb5 12. Rxa8 Qxa8 13. Bg5 Nd7 14. Na3 exd4
15. cxd4 Na5 16. Bc2 b4 17. Nb5 h6 18. Bd2 Nf6 19. e5 dxe5 20. Bxb4 Re8 21.
Rxe5 Rxe5 22. dxe5 Ng4 23. Bxa5 Bxa5 24. Nbd4 Bb6 25. h3 1/2-1/2

[Event "Mitropa Cup (Women) 9th"]
[Site "Sibenik"]
[Date "2012.05.31"]
[Round "1"]
[White "Rozic, Vesna"]
[Black "Edes, Zsofia"]
[Result "1-0"]
[WhiteElo "2254"]
[BlackElo "2088"]
[PlyCount "101"]
[EventDate "2012.05.31"]
[EventType "team-tourn"]
[EventRounds "7"]
[EventCountry "CRO"]
[Source "ChessBase"]
[SourceDate "2012.06.22"]
[WhiteTeam "Slovenia (W)"]
[BlackTeam "Slovakia (W)"]
[WhiteTeamCountry "SLO"]
[BlackTeamCountry "SVK"]

1. d4 Nf6 2. Nf3 g6 3. c4 Bg7 4. g3 d6 5. Nc3 Nbd7 6. Bg2 O-O 7. O-O e5 8. e4
Re8 9. h3 exd4 10. Nxd4 Nc5 11. Re1 a6 12. Rb1 c6 13. b4 Ne6 14. Be3 Nc7 15.
Qd2 d5 16. exd5 cxd5 17. c5 Ne4 18. Nxe4 dxe4 19. Red1 Qe7 20. Ne2 Bf5 21. Qd6
Nb5 22. Qxe7 Rxe7 23. Rbc1 h5 24. a4 Nc7 25. Nd4 Bd7 26. c6 bxc6 27. Nxc6 Bxc6
28. Rxc6 Ne8 29. Bf1 Rc7 30. Rxc7 Nxc7 31. Rd7 Be5 32. Bc4 Ne6 33. Bxe6 fxe6
34. Bc5 Rb8 35. Re7 Bc3 36. Rxe6 Bxb4 37. Bxb4 Rxb4 38. Rxg6+ Kh7 39. Rxa6 Kg7
40. h4 Rb1+ 41. Kg2 Ra1 42. a5 Kf7 43. Ra8 Ra2 44. Kf1 Kg7 45. a6 Kh7 46. a7
Kg7 47. Ke1 Kh7 48. Kd1 Kg7 49. Kc1 Kh7 50. Kb1 Kg7 51. Kxa2 1-0

[Event "Mitropa Cup (Women) 9th"]
[Site "Sibenik"]
[Date "2012.06.01"]
[Round "2"]
[White "Froewis, Annika"]
[Black "Berke, Ana"]
[Result "1/2-1/2"]
[WhiteElo "1989"]
[BlackElo "2153"]
[PlyCount "184"]
[EventDate "2012.05.31"]
[EventType "team-tourn"]
[EventRounds "7"]
[EventCountry "CRO"]
[Source "ChessBase"]
[SourceDate "2012.06.22"]
[WhiteTeam "Austria (W)"]
[BlackTeam "Croatia (W)"]
[WhiteTeamCountry "AUT"]
[BlackTeamCountry "CRO"]

1. e4 c5 2. Nf3 d6 3. d4 cxd4 4. Nxd4 Nf6 5. Nc3 Nc6 6. f3 e5 7. Nb3 Be7 8. Be3
O-O 9. Qd2 a5 10. Bb5 Na7 11. Be2 Nc6 12. Bb5 Na7 13. Be2 Be6 14. Rd1 Nc6 15.
Qc1 a4 16. Nc5 a3 17. O-O Nd4 18. Nxe6 fxe6 19. Bc4 d5 20. exd5 exd5 21. Bd3
Bc5 22. Kh1 Qb6 23. bxa3 Rxa3 24. Bxd4 exd4 25. Ne2 Rxa2 26. Qg5 Raa8 27. Ng3
Rae8 28. Nh5 Qc7 29. Nxf6+ Rxf6 30. Qxd5+ Kh8 31. Qh5 g6 32. Qg5 Rfe6 33. f4
Qe7 34. Qg3 Re3 35. Qf2 Qf6 36. Rb1 b6 37. Ra1 Bd6 38. g3 Bc7 39. Qg2 Qd6 40.
Bb5 R8e7 41. Bd3 Qc5 42. f5 gxf5 43. Bxf5 b5 44. Bd3 b4 45. Kg1 b3 46. Qf2 Qg5
47. Ra8+ Re8 48. Rxe8+ Rxe8 49. Qxd4+ Be5 50. Qd7 Qe7 51. Qxe7 Rxe7 52. cxb3
Kg7 53. Kg2 Rd7 54. Rf3 Ra7 55. Rf2 Bd4 56. Re2 Bc5 57. Kf3 Kf6 58. Kg4 Rg7+
59. Kh5 Rd7 60. Bc4 Kg7 61. Re4 Bg1 62. h3 Rc7 63. Rg4+ Kf6 64. Rf4+ Kg7 65.
Rf5 Be3 66. Bd5 Bd2 67. g4 h6 68. Rf2 Be1 69. Re2 Bb4 70. h4 Rd7 71. Bc4 Ra7
72. Re6 Ra5+ 73. g5 hxg5 74. hxg5 Ra1 75. Rb6 Be7 76. g6 Rh1+ 77. Kg4 Rg1+ 78.
Kf5 Rg5+ 79. Ke4 Rxg6 80. Rb7 Kf6 81. b4 Rg4+ 82. Kd5 Rg5+ 83. Kc6 Rg4 84. Kb5
Rg5+ 85. Ka4 Rg4 86. Rc7 Rg1 87. Rc6+ Kg7 88. Re6 Ra1+ 89. Kb5 Bf8 90. Bd5 Rb1
91. Re4 Rxb4+ 92. Rxb4 Bxb4 1/2-1/2